|
|
|
|
| LEADER |
02323nam a2200349 a 4500 |
| 001 |
GR-Antirio1000 |
| 003 |
GR-PaULI |
| 005 |
20240126141338.0 |
| 008 |
140616s2007 ne g b 001 0 eng d |
| 952 |
|
|
|0 0
|1 0
|2 ddc
|4 0
|6 004_650000000000000_PET
|7 0
|9 262664
|a LISK-2
|b LISK-2
|c BSC
|d 2021-01-17
|e 24
|f 0
|g 0.00
|l 0
|o 004.65 PET
|p 2430000007840
|r 2021-01-17 00:00:00
|t 1
|w 2021-01-17
|y BK15
|x 20140704 0 ΧΑΣΑΝΗ 1
|x GrPaTEI - Antirrio
|
| 952 |
|
|
|0 0
|1 0
|2 ddc
|4 0
|6 004_650000000000000_PET
|7 0
|9 262665
|a LISK-2
|b LISK-2
|c BSC
|d 2021-01-17
|e 24
|f 0
|g 0.00
|l 0
|o 004.65 PET
|p 2430000007841
|r 2021-01-17 00:00:00
|t 1
|w 2021-01-17
|y BK15
|x 20140704 0 ΧΑΣΑΝΗ 1
|x GrPaTEI - Antirrio
|
| 952 |
|
|
|0 0
|1 0
|2 ddc
|4 0
|6 004_650000000000000_PET
|7 0
|9 262666
|a LISK-2
|b LISK-2
|c BSC
|d 2021-01-17
|e 24
|f 0
|g 0.00
|l 0
|o 004.65 PET
|p 2430000007843
|r 2021-01-17 00:00:00
|t 1
|w 2021-01-17
|y BK15
|x 20140616 0 ΧΑΣΑΝΗ 1
|x GrPaTEI - Antirrio
|
| 952 |
|
|
|0 0
|1 0
|2 ddc
|4 0
|6 004_650000000000000_PET
|7 0
|9 262667
|a LISK-2
|b LISK-2
|c BSC
|d 2021-01-17
|e 24
|f 0
|g 0.00
|l 0
|o 004.65 PET
|p 99243000007842
|r 2021-01-17 00:00:00
|t 1
|w 2021-01-17
|y BK15
|x General Note
|x GrPaTEI - Antirrio
|
| 952 |
|
|
|0 0
|1 0
|2 ddc
|4 0
|6 004_650000000000000_PET
|7 0
|9 262668
|a LISK-2
|b LISK-2
|c BSC
|d 2021-01-17
|e 24
|f 0
|g 0.00
|l 0
|o 004.65 PET
|p 99243000007844
|r 2021-01-17 00:00:00
|t 1
|w 2021-01-17
|y BK15
|x GrPaTEI - Antirrio
|
| 952 |
|
|
|0 0
|1 0
|2 ddc
|4 0
|6 004_650000000000000_PET
|7 0
|9 371225
|a LISP
|b LISP
|c ALFg
|d 2023-04-27
|i 37113
|l 0
|o 004.65 PET
|p 025000301793
|r 2023-04-27 00:00:00
|t 6
|w 2023-04-27
|y BK15
|
| 999 |
|
|
|c 151358
|d 151358
|
| 020 |
|
|
|a 9780123705488
|
| 020 |
|
|
|a 9780123740137
|
| 040 |
|
|
|a GrPaTEI
|b gre
|c GR-PaULI
|e AACR2
|
| 082 |
0 |
4 |
|a 004.65
|2 23
|
| 100 |
1 |
|
|a Peterson, Larry L.
|e συγγραφέας.
|9 11264
|
| 245 |
1 |
0 |
|a Computer networks :
|b a systems approach /
|c Larry L. Peterson, Bruce S. Davie.
|
| 250 |
|
|
|a 4th ed.
|
| 260 |
|
|
|a Amsterdam :
|b Morgan Kaufmann,
|c 2007.
|
| 300 |
|
|
|a xxvii, 806 σ. :
|b εικ. ;
|c 24 εκ.
|
| 490 |
1 |
|
|a The Morgan Kaufmann series in networkig
|
| 504 |
|
|
|a Περιλαμβάνει βιβλιογραφίες και ευρετήριο.
|
| 650 |
|
4 |
|a Ηλεκτρονικοί υπολογιστές
|9 64562
|x Δίκτυα.
|
| 700 |
1 |
|
|a Davie, Bruce S.
|9 11265
|e συγγραφέας.
|
| 830 |
|
4 |
|9 197553
|a The Morgan Kaufmann series in networkig
|
| 942 |
|
|
|2 ddc
|c BK
|
| 998 |
|
|
|c ΜΠΟΥΡΑΣ
|d 2023-04
|